[Event "Aragon-ch Seniors"]
[Site "Zaragoza"]
[Date "2015.05.30"]
[Round "7"]
[White "Royo Onde, Manuel"]
[Black "Navarro Castan, Jesus"]
[Result "0-1"]
[WhiteElo "1817"]
[BlackElo "1862"]
[PlyCount "61"]
[EventDate "2015.04.18"]
[EventType "swiss"]
[EventRounds "8"]
[EventCountry "ESP"]
[SourceTitle "EXT 2017"]
[Source "ChessBase"]
[SourceDate "2016.10.25"]
[SourceVersion "1"]
[SourceVersionDate "2016.10.25"]
[SourceQuality "1"]

1. d4 Nf6 2. c4 c5 3. d5 b5 4. cxb5 a6 5. bxa6 Bxa6 6. Nc3 g6 7. e4 Bxf1 8. Kxf1 d6 9. Nf3 Bg7 10. g3 0-0 11. Kg2 Nbd7 12. Re1 Ng4 13. h3 Nge5 14. Nxe5 Nxe5 15. f4 Nd7 16. Qc2 Qb6 17. Bd2 Rfb8 18. Rab1 Qa6 19. a3 Qc4 20. b3 Qa6 21. a4 c4 22. bxc4 Qxc4 23. Rxb8+ Rxb8 24. Rc1 Nc5 25. Be3 Rb3 26. Nd1 Qxa4 27. Bxc5 dxc5 28. e5 Qa3 29. Kh1 Rxg3 30. Nc3 Rxh3+ 31. Kg2 0-1

[Event "Aragon-ch Seniors"]
[Site "Zaragoza"]
[Date "2015.04.18"]
[Round "1"]
[White "Cervera Soler, Ramon"]
[Black "Navarro Castan, Jesus"]
[Result "0-1"]
[WhiteElo "1498"]
[BlackElo "1862"]
[PlyCount "52"]
[EventDate "2015.04.18"]
[EventType "swiss"]
[EventRounds "8"]
[EventCountry "ESP"]
[SourceTitle "EXT 2017"]
[Source "ChessBase"]
[SourceDate "2016.10.25"]
[SourceVersion "1"]
[SourceVersionDate "2016.10.25"]
[SourceQuality "1"]

1. c4 Nf6 2. g3 c5 3. Bg2 Nc6 4. Nc3 g6 5. d3 Bg7 6. Nf3 0-0 7. 0-0 d6 8. Bd2 Rb8 9. Qc1 Nd4 10. Nxd4 cxd4 11. Nb5 Qb6 12. b3 a6 13. Na3 Bd7 14. Nc2 Bc6 15. f3 e5 16. Qa3 d5 17. Rab1 Rfe8 18. Nb4 Bf8 19. Rfc1 a5 20. c5 Bxc5 21. Rxc5 Qxc5 22. Rc1 axb4 23. Bxb4 Qb5 24. Bd6 Ra8 25. Qb2 Re6 26. Rc5 Qb6 0-1

[Event "Aragon-chT Honor Descenso"]
[Site "Aragon"]
[Date "2012.03.24"]
[Round "8.28"]
[White "Navarro Castan, Jesus"]
[Black "Sacristan Latorre, Alberto"]
[Result "0-1"]
[WhiteElo "1875"]
[BlackElo "1989"]
[PlyCount "70"]
[EventDate "2012.02.04"]
[EventType "team-tourn"]
[EventRounds "11"]
[EventCountry "ESP"]
[SourceTitle "EXT 2014"]
[Source "ChessBase"]
[SourceDate "2013.11.20"]
[SourceVersion "1"]
[SourceVersionDate "2013.11.20"]
[SourceQuality "1"]
[WhiteTeam "Ramiro II"]
[BlackTeam "Ramiro"]
[WhiteTeamCountry "ESP"]
[BlackTeamCountry "ESP"]

1. e4 c5 2. Nf3 d6 3. d4 cxd4 4. Nxd4 Nf6 5. Nc3 a6 6. Be3 e5 7. Nb3 Be6 8. f3 Nbd7 9. Qd2 b5 10. 0-0-0 Nb6 11. Qf2 Nc4 12. Bxc4 Bxc4 13. g4 Be7 14. g5 Nh5 15. h4 0-0 16. Nd5 Bxd5 17. Rxd5 Qc7 18. Kb1 Rac8 19. Bb6 Qc4 20. Na5 Qa4 21. Rd3 b4 22. a3 Nf4 23. Rb3 d5 24. Nb7 d4 25. Bc5 Bxc5 26. Nxc5 Rxc5 27. Rxb4 Qc6 28. h5 Rc8 29. Rh2 a5 30. Rb3 a4 31. Rb4 Rb5 32. Qd2 Rcb8 33. h6 Rxb4 34. axb4 g6 35. Rh1 Qc4 0-1

[Event "Aragon-chT Honor GrA "]
[Site "Aragon"]
[Date "2012.02.18"]
[Round "3.4"]
[White "Navarro Castan, Jesus"]
[Black "Sarto Ramos, Angel"]
[Result "0-1"]
[WhiteElo "1875"]
[BlackElo "1995"]
[PlyCount "64"]
[EventDate "2012.02.04"]
[EventType "team-tourn"]
[EventRounds "7"]
[EventCountry "ESP"]
[SourceTitle "EXT 2014"]
[Source "ChessBase"]
[SourceDate "2013.11.20"]
[SourceVersion "1"]
[SourceVersionDate "2013.11.20"]
[SourceQuality "1"]
[WhiteTeam "Ramiro II"]
[BlackTeam "Olivar"]
[WhiteTeamCountry "ESP"]
[BlackTeamCountry "ESP"]

1. e4 g6 2. d4 c6 3. Nc3 d5 4. Be3 Bg7 5. Qd2 dxe4 6. Nxe4 Nd7 7. Bc4 Ndf6 8. Ng5 Nd5 9. Ne2 h6 10. Ne4 Ngf6 11. Nxf6+ exf6 12. Bxd5 Qxd5 13. Nf4 Qd6 14. 0-0 0-0 15. Ne2 Kh7 16. Bf4 Qd8 17. Rfe1 f5 18. Rad1 g5 19. Be5 f6 20. Bg3 f4 21. Bxf4 gxf4 22. Nxf4 Bf5 23. h3 Qd7 24. g4 Bg6 25. Ne6 Rfe8 26. Nc5 Qd5 27. c3 Qf3 28. Re3 Rxe3 29. fxe3 Qg3+ 30. Qg2 Qxe3+ 31. Kh2 Re8 32. Rf1 b6 0-1

[Event "Aragon-chT Preferente-B"]
[Site "Spain"]
[Date "2011.04.02"]
[Round "9.3"]
[White "Navarro Castan, Jesus"]
[Black "Gutierrez Mingueza, Ruben"]
[Result "0-1"]
[WhiteElo "1925"]
[BlackElo "2112"]
[PlyCount "104"]
[EventDate "2011.02.05"]
[EventType "team-tourn"]
[EventRounds "9"]
[EventCountry "ESP"]
[SourceTitle "EXT 2013"]
[Source "ChessBase"]
[SourceDate "2012.11.22"]
[SourceVersion "1"]
[SourceVersionDate "2012.11.22"]
[SourceQuality "1"]
[WhiteTeam "Ramiro II"]
[BlackTeam "San Jose"]
[WhiteTeamCountry "ESP"]
[BlackTeamCountry "ESP"]

1. e4 c5 2. Nf3 Nc6 3. d4 cxd4 4. Nxd4 Nf6 5. Nc3 e5 6. Ndb5 d6 7. Bg5 a6 8. Na3 b5 9. Bxf6 gxf6 10. Nd5 Bg7 11. g3 f5 12. exf5 Bxf5 13. Bg2 0-0 14. c3 Be6 15. 0-0 Rb8 16. Nc2 a5 17. Re1 Qd7 18. Qd2 f5 19. Rad1 Kh8 20. Na1 Rfe8 21. Qe2 e4 22. Nf4 Bc4 23. Qh5 Ne5 24. b3 Bf7 25. Qe2 Rbc8 26. Qe3 Rxc3 27. Qb6 a4 28. Nd5 Rc5 29. Ne3 Nd3 30. Rf1 Rcc8 31. bxa4 bxa4 32. Qa5 Rc5 33. Qd2 d5 34. Nec2 d4 35. Nb4 Nxb4 36. Qxb4 Rc4 37. Qa5 d3 38. Bh3 Be6 39. Qa6 Rec8 40. Rfe1 Bc3 41. Rf1 Qc6 42. Qa7 Qd7 43. Qa6 Bd4 44. Rfe1 R8c6 45. Qa8+ Qc8 46. Qa5 Bc3 47. Qa7 Bxe1 48. Rxe1 Rc1 49. Rxc1 Rxc1+ 50. Kg2 Qd7 51. Qb8+ Rc8 52. Qe5+ Kg8 0-1

[Event "Aragon-chT Preferente-B"]
[Site "Spain"]
[Date "2011.03.19"]
[Round "7.3"]
[White "Navarro Castan, Jesus"]
[Black "Perez Puyal, Jose Joaquin"]
[Result "0-1"]
[WhiteElo "1925"]
[BlackElo "1961"]
[PlyCount "148"]
[EventDate "2011.02.05"]
[EventType "team-tourn"]
[EventRounds "9"]
[EventCountry "ESP"]
[SourceTitle "EXT 2013"]
[Source "ChessBase"]
[SourceDate "2012.11.22"]
[SourceVersion "1"]
[SourceVersionDate "2012.11.22"]
[SourceQuality "1"]
[WhiteTeam "Ramiro II"]
[BlackTeam "Casino Jaque"]
[WhiteTeamCountry "ESP"]
[BlackTeamCountry "ESP"]

1. e4 d5 2. exd5 Qxd5 3. Nc3 Qa5 4. d4 Nf6 5. Bc4 c6 6. Nf3 Bf5 7. 0-0 e6 8. Qe2 Bb4 9. Bd2 0-0 10. a3 Bxc3 11. Bxc3 Qc7 12. Bb3 Nbd7 13. Ne5 Rfe8 14. f3 Rac8 15. Be1 c5 16. Nxd7 Nxd7 17. Bf2 cxd4 18. Bxd4 Nc5 19. Ba2 Red8 20. c3 Bd3 21. Qe3 Bxf1 22. Rxf1 Nd7 23. Qg5 e5 24. Bf2 Nf6 25. h4 Re8 26. h5 h6 27. Qf5 Qd7 28. Qc2 Rcd8 29. Bh4 Qd3 30. Qb3 Qd7 31. Qc2 Qd3 32. Qb3 Rd7 33. Bb1 Qe3+ 34. Bf2 Qg5 35. g4 e4 36. Bd4 exf3 37. Bf5 Rde7 38. Bxf6 Qxf6 39. Rxf3 Re1+ 40. Rf1 Qe5 41. Qc2 Qe3+ 42. Qf2 Rxf1+ 43. Kxf1 Qxf2+ 44. Kxf2 Kf8 45. Kf3 Re1 46. Be4 b6 47. a4 Ke7 48. Bd3 Kf6 49. Kf4 Rd1 50. Ke3 Kg5 51. b4 Rg1 52. Be2 Rg3+ 53. Kd4 Kf4 54. a5 Rg2 55. Bc4 f6 56. Be6 Rd2+ 57. Kc4 Ke5 58. Bf5 Kd6 59. axb6 axb6 60. Kb5 Kc7 61. c4 Rd4 62. Be6 Re4 63. Bf5 Re5+ 64. Ka4 Kc6 65. Bg6 Re1 66. Bf5 Ra1+ 67. Kb3 b5 68. Be4+ Kb6 69. c5+ Kc7 70. Bd3 Rg1 71. Bf5 Rg3+ 72. Kb2 Re3 73. Kc2 Kc6 74. Kd2 Rb3 0-1

[Event "Aragon-chT Preferente-B"]
[Site "Spain"]
[Date "2011.03.05"]
[Round "5.3"]
[White "Navarro Castan, Jesus"]
[Black "Buil Montanes, Carlos"]
[Result "0-1"]
[WhiteElo "1925"]
[BlackElo "1903"]
[PlyCount "50"]
[EventDate "2011.02.05"]
[EventType "team-tourn"]
[EventRounds "9"]
[EventCountry "ESP"]
[SourceTitle "EXT 2013"]
[Source "ChessBase"]
[SourceDate "2012.11.22"]
[SourceVersion "1"]
[SourceVersionDate "2012.11.22"]
[SourceQuality "1"]
[WhiteTeam "Ramiro II"]
[BlackTeam "Caissa II"]
[WhiteTeamCountry "ESP"]
[BlackTeamCountry "ESP"]

1. e4 c5 2. Nf3 e6 3. d4 cxd4 4. Nxd4 Nc6 5. Nc3 Qc7 6. Be2 a6 7. 0-0 Nf6 8. Nxc6 bxc6 9. f4 d5 10. e5 Nd7 11. Kh1 Be7 12. Qe1 0-0 13. Qg3 f5 14. exf6 Bxf6 15. Bg4 Nc5 16. Qe1 Bd7 17. Rb1 e5 18. Bxd7 Nxd7 19. fxe5 Bxe5 20. h3 Nf6 21. Bd2 Rae8 22. Qd1 Bxc3 23. Bxc3 Ne4 24. Rxf8+ Rxf8 25. Qd4 Ng3+ 0-1

[Event "Aragon-chT Preferente-B"]
[Site "Spain"]
[Date "2011.02.12"]
[Round "2.3"]
[White "Argueso Pascual, Jorge"]
[Black "Navarro Castan, Jesus"]
[Result "0-1"]
[WhiteElo "2000"]
[BlackElo "1925"]
[PlyCount "92"]
[EventDate "2011.02.05"]
[EventType "team-tourn"]
[EventRounds "9"]
[EventCountry "ESP"]
[SourceTitle "EXT 2013"]
[Source "ChessBase"]
[SourceDate "2012.11.22"]
[SourceVersion "1"]
[SourceVersionDate "2012.11.22"]
[SourceQuality "1"]
[WhiteTeam "El Soto"]
[BlackTeam "Ramiro II"]
[WhiteTeamCountry "ESP"]
[BlackTeamCountry "ESP"]

1. d4 Nf6 2. c4 c5 3. d5 b5 4. Qc2 bxc4 5. e4 d6 6. Bxc4 g6 7. Nf3 Bg7 8. 0-0 0-0 9. h3 Ba6 10. Nbd2 Qc8 11. Rb1 Nbd7 12. b3 Nb6 13. Bb2 Bxc4 14. Nxc4 Qa6 15. Nfd2 Rab8 16. Bc3 Nxc4 17. Nxc4 e6 18. dxe6 fxe6 19. Rbd1 Rbd8 20. Rfe1 d5 21. exd5 exd5 22. Nd2 d4 23. Ba1 Qd6 24. Qc4+ Qd5 25. Qa6 Rd7 26. Re6 Nh5 27. Rde1 Nf4 28. R6e4 Qg5 29. Rxf4 Qxf4 30. Nf3 Qd6 31. Qd3 Re7 32. Rc1 Rfe8 33. Kf1 Qe6 34. Bb2 Qe2+ 35. Qxe2 Rxe2 36. Ba3 Rxa2 37. Bxc5 Ree2 38. Bxd4 Bxd4 39. Nxd4 Rxf2+ 40. Ke1 Rxg2 41. Rc8+ Kg7 42. Kf1 Rh2 43. Kg1 Rhd2 44. Ne6+ Kf7 45. Nd8+ Ke7 46. Nc6+ Kd7 0-1

[Event "Aragon-chT"]
[Site "Aragon"]
[Date "2008.02.23"]
[Round "4"]
[White "Martinez Cebolla, Alberto"]
[Black "Navarro Castan, Jesus"]
[Result "1-0"]
[WhiteElo "2023"]
[BlackElo "1888"]
[PlyCount "107"]
[EventDate "2008.02.02"]
[EventType "team-swiss"]
[EventRounds "12"]
[EventCountry "ESP"]
[SourceTitle "EXT 2011"]
[Source "ChessBase"]
[SourceDate "2010.11.26"]
[SourceVersion "1"]
[SourceVersionDate "2010.11.26"]
[SourceQuality "1"]

1. e4 c5 2. Nf3 e6 3. c3 Nc6 4. d4 Qc7 5. Bb5 a6 6. Ba4 b5 7. Bb3 d6 8. 0-0 Nf6 9. Re1 Be7 10. Nbd2 0-0 11. Nf1 Na5 12. Bc2 e5 13. b3 Bg4 14. d5 c4 15. b4 Nb7 16. Be3 a5 17. a3 Ra6 18. h3 Bh5 19. Ng3 Bg6 20. Nf5 Rfa8 21. Rc1 axb4 22. axb4 Bf8 23. g4 Ra3 24. Bb1 Nd7 25. h4 h5 26. Ng5 hxg4 27. Qxg4 Nf6 28. Qg2 Ra1 29. Kh1 Qd7 30. Rg1 R8a3 31. Nxf7 Qxf7 32. Qxg6 Qxg6 33. Rxg6 Kf7 34. Rgg1 g6 35. Nh6+ Bxh6 36. Bxh6 Ng8 37. Bg5 Nf6 38. Bd2 Nd8 39. Rg3 Rb3 40. Bc2 Rba3 41. Kg2 R3a2 42. Rxa1 Rxa1 43. Bg5 Ra2 44. Bb1 Ra1 45. Rf3 Rxb1 46. Rxf6+ Kg7 47. Rxd6 Nf7 48. Rf6 Rb3 49. Rf3 Nd6 50. Bf6+ Kh6 51. Bxe5 Nxe4 52. d6 Rb1 53. d7 Rd1 54. Bd4 1-0

[Event "Aragon-chT"]
[Site "Aragon"]
[Date "2008.02.02"]
[Round "1"]
[White "Navarro Castan, Jesus"]
[Black "Roche Simon, Manuel Angel"]
[Result "1/2-1/2"]
[WhiteElo "1888"]
[BlackElo "2087"]
[PlyCount "148"]
[EventDate "2008.02.02"]
[EventType "team-swiss"]
[EventRounds "12"]
[EventCountry "ESP"]
[SourceTitle "EXT 2011"]
[Source "ChessBase"]
[SourceDate "2010.11.26"]
[SourceVersion "1"]
[SourceVersionDate "2010.11.26"]
[SourceQuality "1"]

1. e4 c5 2. Nf3 e6 3. d4 cxd4 4. Nxd4 a6 5. Nc3 Qc7 6. Be2 Nc6 7. Be3 b5 8. 0-0 Bb7 9. Nb3 d6 10. f4 Nf6 11. a3 Be7 12. Bf3 0-0 13. Qe1 b4 14. axb4 Nxb4 15. Qf2 d5 16. Bb6 Qb8 17. e5 Nd7 18. Be3 Qc7 19. Kh1 Rac8 20. Rac1 Nc5 21. Nd4 g6 22. Rfe1 Kh8 23. Qg3 Rg8 24. Qh3 Nc6 25. Nxc6 Bxc6 26. Bd4 Qb7 27. g4 Nd7 28. f5 Bc5 29. Ne2 Bxd4 30. Nxd4 Nc5 31. fxe6 fxe6 32. g5 Rce8 33. Rf1 Qxb2 34. Nxc6 Rgf8 35. Qg4 Qc3 36. Bg2 Rf5 37. Qd4 Rxf1+ 38. Rxf1 Qxc2 39. Qf4 Qf5 40. Nd4 Qxf4 41. Rxf4 Nd3 42. Rf6 Nc5 43. Bh3 a5 44. Bxe6 Nxe6 45. Nxe6 a4 46. Nc7 Rxe5 47. h4 Re4 48. Kg2 a3 49. Ra6 Rxh4 50. Kg3 Rd4 51. Rxa3 Rd1 52. Kf3 Kg8 53. Ne8 Kf7 54. Nf6 h5 55. Ke3 Ke6 56. Rd3 Re1+ 57. Kf2 Re5 58. Re3 d4 59. Re4 Kf5 60. Kf3 Ra5 61. Rxd4 Ra3+ 62. Kg2 Kxg5 63. Ne4+ Kf5 64. Ng3+ Ke5 65. Re4+ Kf6 66. Rb4 Kg5 67. Rb5+ Kh6 68. Rb6 h4 69. Nf5+ Kg5 70. Ne7 Rg3+ 71. Kh2 Kh5 72. Nxg6 Rxg6 73. Rxg6 Kxg6 74. Kh3 Kg5 1/2-1/2

[Event "Autonomico Seniors op 6th"]
[Site "Spain"]
[Date "2007.??.??"]
[Round "1"]
[White "Navarro Castan, Jesus"]
[Black "Codina Escudero, Juan"]
[Result "1-0"]
[WhiteElo "1875"]
[BlackElo "1640"]
[PlyCount "81"]
[EventDate "2007.??.??"]
[EventType "swiss"]
[EventRounds "9"]
[EventCountry "ESP"]
[SourceTitle "EXT 2010"]
[Source "ChessBase"]
[SourceDate "2010.11.25"]
[SourceVersion "1"]
[SourceVersionDate "2010.11.25"]
[SourceQuality "1"]

1. e4 e6 2. d4 d5 3. Nc3 Bb4 4. e5 c5 5. a3 cxd4 6. axb4 dxc3 7. bxc3 a6 8. f4 Ne7 9. Nf3 0-0 10. Bd3 h6 11. 0-0 Bd7 12. Nd4 Qb6 13. Be3 Qc7 14. Qe1 Nbc6 15. Nb3 Na7 16. Nc5 Bb5 17. g4 Nec6 18. Qg3 a5 19. bxa5 Nxa5 20. f5 Nc4 21. Bd4 Nc6 22. fxe6 Rxa1 23. exf7+ Qxf7 24. Rxa1 Nxd4 25. cxd4 Bc6 26. Rf1 Qe7 27. Rf4 b6 28. Rxf8+ Qxf8 29. Ne6 Qb4 30. Qf2 Bd7 31. c3 Qe7 32. Nf4 Qg5 33. h3 Bc6 34. Ne6 Qc1+ 35. Kh2 Qa3 36. Qf5 Qe7 37. Qh7+ Kf7 38. Bf5 Ne3 39. Qxg7+ Ke8 40. Qg8+ Kd7 41. Nc5+ 1-0

[Event "Aragon-ch Seniors"]
[Site "Spain"]
[Date "2005.??.??"]
[Round "2"]
[White "Navarro Castan, Jesus"]
[Black "Lorente Latorre, Antonio"]
[Result "1-0"]
[WhiteElo "1889"]
[BlackElo "1792"]
[PlyCount "105"]
[EventDate "2005.??.??"]
[EventType "swiss"]
[EventRounds "9"]
[EventCountry "ESP"]
[SourceTitle "EXT 2007"]
[Source "ChessBase"]
[SourceDate "2006.11.23"]
[SourceVersion "1"]
[SourceVersionDate "2006.11.23"]
[SourceQuality "1"]

1. e4 d6 2. d4 g6 3. Nc3 Bg7 4. Be3 Nf6 5. Qd2 c6 6. h3 b5 7. Bd3 a6 8. Nge2 Nbd7 9. Ng3 Nb6 10. 0-0 0-0 11. f4 Nc4 12. Bxc4 bxc4 13. Qe2 a5 14. Rfd1 Ba6 15. Qf3 d5 16. e5 Nd7 17. f5 Rb8 18. Rab1 Bb7 19. Qg4 c5 20. Qf4 Qc8 21. Re1 Qc7 22. Rbd1 Nxe5 23. Nb5 Qc6 24. a4 Rbd8 25. Re2 Nd7 26. c3 e5 27. fxe6 fxe6 28. Qc7 cxd4 29. Bxd4 e5 30. Be3 Rc8 31. Qxc6 Bxc6 32. Na7 Bxa4 33. Rxd5 Rc7 34. Rxa5 Bb3 35. Nb5 Rc6 36. Ne4 Nf6 37. Ng5 h6 38. Nf3 Nh5 39. Na7 Re6 40. Bd2 e4 41. Nd4 Ree8 42. Nab5 Ng3 43. Re1 h5 44. Nc7 Bxd4+ 45. cxd4 Re7 46. Nd5 Ref7 47. Bh6 Rf1+ 48. Rxf1 Rxf1+ 49. Kh2 Ne2 50. Ra7 Rf7 51. Ra8+ Kh7 52. Bg5 Nxd4 53. Nf6+ 1-0

[Event "Autonomico Seniors op"]
[Site "Spain"]
[Date "2004.??.??"]
[Round "1"]
[White "Navarro Castan, Jesus"]
[Black "Edeso Perez, Francisco"]
[Result "1/2-1/2"]
[WhiteElo "1920"]
[BlackElo "1840"]
[PlyCount "78"]
[EventDate "2004.??.??"]
[EventType "swiss"]
[EventRounds "9"]
[EventCountry "ESP"]
[SourceTitle "EXT 2007"]
[Source "ChessBase"]
[SourceDate "2006.11.23"]
[SourceVersion "1"]
[SourceVersionDate "2006.11.23"]
[SourceQuality "1"]

1. e4 c5 2. Nf3 d6 3. d4 cxd4 4. Nxd4 g6 5. Nc3 Bg7 6. Be3 Nf6 7. f3 a6 8. Qd2 h5 9. 0-0-0 Bd7 10. Kb1 Nc6 11. Bc4 b5 12. Nxc6 Bxc6 13. Bd5 Bxd5 14. Nxd5 Nxd5 15. Qxd5 0-0 16. g4 hxg4 17. fxg4 a5 18. h4 Qc8 19. h5 Qxg4 20. hxg6 Qxg6 21. Rdg1 e6 22. Qxa8 Rxa8 23. Rxg6 fxg6 24. Bf4 e5 25. Bd2 b4 26. Be3 Ra6 27. Rd1 Kf7 28. Rd5 Kf6 29. Rb5 g5 30. Kc1 Kg6 31. Kd1 Bh6 32. Bb6 g4 33. Ke2 Bc1 34. b3 Kg5 35. Bxa5 Kf4 36. Bxb4 Rxa2 37. Kd1 Ra1 38. Ke2 Kxe4 39. Bxd6 Bf4 1/2-1/2

[Event "San Jose op"]
[Site "San Jose"]
[Date "1998.??.??"]
[Round "4"]
[White "Navarro Castan, Jesus"]
[Black "Ansola Marquinez, Alberto"]
[Result "0-1"]
[WhiteElo "2000"]
[BlackElo "2165"]
[PlyCount "56"]
[EventDate "1998.??.??"]
[EventType "swiss"]
[EventRounds "9"]
[EventCountry "ESP"]
[SourceTitle "EXT 2000"]
[Source "ChessBase"]
[SourceDate "1999.11.16"]
[SourceVersion "1"]
[SourceVersionDate "1999.11.16"]
[SourceQuality "1"]

1. e4 Nc6 2. d4 d5 3. e5 Bf5 4. c3 e6 5. Bd3 Bxd3 6. Qxd3 Nge7 7. Bg5 Qd7 8. Ne2 h5 9. Nd2 Nf5 10. Ng3 Be7 11. Nf3 Nxg3 12. hxg3 Bxg5 13. Nxg5 0-0-0 14. 0-0-0 f6 15. exf6 gxf6 16. Nf3 e5 17. dxe5 fxe5 18. Qe3 e4 19. Nd4 Ne5 20. Nb3 b6 21. Nd2 Nd3+ 22. Kb1 Qb5 23. b3 Qa5 24. Nxe4 dxe4 25. Qxe4 Qd5 26. Qa4 Kb8 27. f3 Qe5 28. Kc2 Qe2+ 0-1